书目信息 |
| 题名: |
当代中国社会科学手册
|
|
| 作者: | 汝信 , 易克信 主编 | |
| 分册: | ||
| 出版信息: | 北京 社会科学文献出版社 1988.10 |
|
| 页数: | 1075页 | |
| 开本: | 26cm | |
| 丛书名: | ||
| 单 册: | ||
| 中图分类: | C62 | |
| 科图分类: | ||
| 主题词: | 社会科学--手册 | |
| 电子资源: | ||
| ISBN: | 7-80050-017-9 | |
| 000 | 00668nam0 2200229 45 | |
| 001 | 0189025929 | |
| 005 | 20041231105833.3 | |
| 010 | @a7-80050-017-9@b精装@dCNY32.00 | |
| 020 | @aCN@b89025929 | |
| 100 | @a19911017d1988 m y0chiy0120 ea | |
| 101 | 0 | @achi |
| 102 | @aCN@b110000 | |
| 105 | @ay z 000yy | |
| 200 | 10 | @a当代中国社会科学手册@Adang dai zhong guo she hui ke xue shou ce@f汝信,易克信主编@FRu Xin,Yi Ke Xin Zhu Bian |
| 210 | @a北京@c社会科学文献出版社@d1988.10 | |
| 215 | @a1075页@d26cm | |
| 606 | 0 | @a社会科学@x手册 |
| 690 | @aC62@v1980 | |
| 701 | 0 | @a汝信@4主编 |
| 701 | 0 | @a易克信@4主编 |
| 801 | 0 | @aCN@bNLC@c19911017 |
| 905 | @dC62@e24@f1@b221728 | |
| 当代中国社会科学手册/汝信,易克信主编.-北京:社会科学文献出版社,1988.10 |
| 1075页;26cm |
| ISBN 7-80050-017-9(精装):CNY32.00 |
| ● |
| 相关链接 |
|
|
|
|
正题名:当代中国社会科学手册
索取号:C62/24
 
预约/预借
| 序号 | 登录号 | 条形码 | 馆藏地/架位号 | 状态 | 备注 |
| 1 | 0221728 | 001974340 | 工具书阅览室/ [索取号:C62/24] | 在馆 | |
| 2 | 0221729 | 202110027 | 第一样本阅览室/ [索取号:C62/24] | 在馆 |